00486nam a2200193 a 4500001001300000003000900013005001700022008004100039020001000080082001600090100001700106245003000123260003800153300000900191500003500200505001000235650003000245700001700275nice12345678IN_TiNIC20260116011518.0050524s1882 lona grs 000 0 abg  ac10000a492.73bSTE aSteingass, F aEnglish Arabic Dictionary aLondonbSamson Low, Marstonc1882 a466p aincludes index and biblioraphy2 aIndex aDictionary-English Arabic1 aSteingass, F